Top 11 Champions League Saison 2024/2025 - Statistiken

Allgemein
  • Dieses Quiz wurde 185 mal gespielt
  • Das Durchschnittsergebnis liegt bei 9 aus 11
Antwortstatistiken
Position Verein Spieler % Korrekt
Torwart Paris Saint-Germain Gianluigi Donnarumma
100%
Angriff FC Barcelona Lamine Yamal
96%
Angriff Paris Saint-Germain Ousmane Dembélé
93%
Mittelfeld Arsenal London Declan Rice
92%
Abwehr Paris Saint-Germain Achraf Hakimi
85%
Angriff FC Barcelona Raphinha
85%
Mittelfeld Paris Saint-Germain Vitinha
85%
Angriff Paris Saint-Germain Désiré Doué
82%
Abwehr Inter Mailand Alessandro Bastoni
78%
Abwehr Paris Saint-Germain Nuno Mendes
78%
Abwehr Paris Saint-Germain Marquinhos
73%
Keine übereinstimmenden Quizze gefunden
Verteilung der Resultate
Anzahl Personen mit jedem Resultat
Perzentil nach korrekt beantworteten Fragen
Ihre Resultats-Entwicklung
Sie haben dieses Quiz noch nicht gespielt